[Event "BCF-ch"]
[Site "Southampton"]
[Date "1986.??.??"]
[Round "11"]
[White "Bowden, Karl"]
[Black "Plaskett, Jim"]
[Result "0-1"]
[WhiteElo "2340"]
[BlackElo "2450"]

1.Nf3 d5 2.g3 Bg4 3.Bg2 c6 4.O-O Nf6 5.d3 e6 6.Nbd2 Nbd7 7.e4 Bc5 8.Qe2 O-O
9.e5 Ne8 10.c3 f5 11.d4 Be7 12.Nb3 g5 13.Bd2 Ng7 14.Nc1 Qe8 15.h3 Bh5 16.Nd3 Rc8
17.Kh2 Kh8 18.Rg1 Qg6 19.Bf1 b6 20.Kh1 c5 21.g4 fxg4 22.hxg4 Qe4 23.Qxe4 dxe4
24.Nxg5 Bg6 25.Nf4 Bxg5 26.Nxg6+ hxg6 27.Bxg5 cxd4 28.cxd4 Rxf2 29.Rg2 Rf3
30.Rh2+ Kg8 31.Be2 Rf7 32.Rc1 Rxc1+ 33.Bxc1 Nb8 34.Be3 Nc6 35.Rh6 Ne7 36.Bg5 Nd5
37.Bc4 e3 38.Rxg6 Nf4 39.Rf6 e2 40.Bh4 Rxf6 41.exf6 Ne8 42.a4 Kf7 43.g5 Nd6
44.Ba6 b5 45.axb5 Nf5 46.Be1 Nd3 47.b6 Nxe1 48.Bxe2 axb6 49.Bh5+ Kg8 50.Kg1 Nd3
51.d5 Nf4 52.dxe6 Nxh5 53.Kf2 Nf4 54.e7 Kf7 55.Kf3 Ng6 56.Ke4 Nfxe7 57.fxe7 Kxe7
58.Kd5 Kd7 59.b3 Nh4 60.Kc4 Kc6 61.Kb4 Ng6 62.Kc4 Nh4 63.Kb4 Kb7 64.Kb5 Ka7
65.Ka4 Ka6 66.Kb4 b5 67.Kc5 Ka5 68.Kd6 Kb4  0-1

[Event "Tatran Cup"]
[Site "Stary Smokovec"]
[Date "1986.??.??"]
[Round "?"]
[White "Meduna, Eduard"]
[Black "Franzen, Josef"]
[Result "1/2-1/2"]
[WhiteElo "2425"]
[BlackElo "2350"]

1.g3 d5 2.Nf3 Nf6 3.Bg2 c6 4.O-O Bg4 5.b3 Nbd7 6.Bb2 e6 7.d3 Bd6 8.Nbd2 O-O
9.h3 Bxf3 10.Nxf3 Qe7 11.a3 Nc5 12.c4 a5 13.Qc2 Rfc8 14.Nd4 Qd7 15.e4 b5
16.a4 bxa4 17.bxa4 dxe4 18.dxe4 e5 19.Nf5 Bc7 20.Ba3 Bb6 21.Rad1 Qc7 22.Rd6 Re8
23.Rfd1 Rad8 24.Qe2 Rxd6 25.Rxd6 Re6  1/2-1/2

[Event "Szirak"]
[Site "Szirak"]
[Date "1986.??.??"]
[Round "?"]
[White "Rogers, Ian"]
[Black "Garcia Palermo, Carlos"]
[Result "1/2-1/2"]
[WhiteElo "2515"]
[BlackElo "2515"]

1.Nf3 d5 2.g3 c6 3.Bg2 Bg4 4.b3 Nd7 5.Bb2 Ngf6 6.O-O e6 7.c4 Bd6 8.Nc3 O-O
9.a3 Bxf3 10.exf3 dxc4 11.bxc4 Nb6 12.d3 Be5 13.f4 Bd4 14.Qc2 Qe7  1/2-1/2

[Event "URS-ch U20"]
[Site "Tallinn"]
[Date "1986.??.??"]
[Round "?"]
[White "Epishin, Vladimir"]
[Black "Dokhoian, Yury"]
[Result "0-1"]
[WhiteElo "2350"]
[BlackElo "2365"]

1.Nf3 d5 2.g3 c5 3.Bg2 Nc6 4.d4 Nf6 5.O-O Bg4 6.Ne5 cxd4 7.Nxg4 Nxg4 8.e3 Nf6
9.exd4 e6 10.Re1 Be7 11.Bf1 O-O 12.c3 Rb8 13.a4 Bd6 14.Nd2 a6 15.Nf3 Ne4
16.Bd3 f5 17.Kg2 Qc7 18.Bd2 Na5 19.Qc2 Rbc8 20.Re2 Qf7 21.Rae1 Qh5 22.Ng1 Rf6
23.f3 Nc6 24.Qb1 Nxd2 25.Rxd2 Rh6 26.Kf1 e5 27.Qa2 Qf7 28.dxe5 Nxe5 29.Qb1 Rf8
30.Rde2 Ng4 31.Qc2 f4 32.Rg2 fxg3 33.hxg3 Rh1 34.f4 Bxf4 35.gxf4 Qxf4+ 36.Ke2 Ne3
37.Qb3 Nxg2  0-1

[Event "Tbilisi"]
[Site "Tbilisi"]
[Date "1986.??.??"]
[Round "?"]
[White "Zaichik, Gennadi"]
[Black "Kaidanov, Grigory S"]
[Result "1/2-1/2"]
[WhiteElo "2490"]
[BlackElo "2415"]

1.Nf3 d5 2.g3 c6 3.Bg2 Bg4 4.c4 e6 5.O-O Nd7 6.d3 Ngf6 7.Nc3 Bc5 8.cxd5 exd5
9.Qb3 Bb6 10.Na4 O-O 11.Nxb6 axb6 12.h3 Bxf3 13.Bxf3 Re8 14.Qc2 Ne5 15.Bg2 d4
16.Bd2 Nd5 17.a3 Qd6 18.Qb3 Nd7 19.Rfe1 Nc5 20.Qc4 b5 21.Qc2  1/2-1/2

[Event "Tbilisi"]
[Site "Tbilisi"]
[Date "1986.??.??"]
[Round "?"]
[White "McDonald, Neil R"]
[Black "Arkhipov, Sergey"]
[Result "1/2-1/2"]
[WhiteElo "2495"]
[BlackElo "2540"]

1.Nf3 d5 2.g3 c6 3.Bg2 Bg4 4.c4 e6 5.cxd5 exd5 6.Ne5 Bf5 7.d4 Nd7 8.O-O Ngf6
9.Nc3 Be7 10.e4 Nxe4 11.Nxe4 dxe4 12.Qb3 Nxe5 13.dxe5 Qb6 14.Qc2 Qc5 15.Qb3 Qb4
16.Be3 O-O 17.Qc2 Bg6 18.Rfd1 Rfd8 19.a3 Qb5 20.Rxd8+ Rxd8 21.Bxe4 Qxe5 22.Bxg6 hxg6
23.Bxa7 Bf6 24.Rb1 Qb5 25.a4 Qd3 26.Qxd3 Rxd3 27.b3 Kf8 28.Bc5+ Ke8 29.Re1+ Kd7
30.Re3 Rd5 31.Bb4 c5 32.Bc3 Rd1+ 33.Kg2 Bxc3 34.Rxc3 Kd6 35.Kf3 Re1 36.Re3 Rc1
37.Ke4 Rc2 38.Rf3 f6 39.Kd3 Ra2 40.Kc4 Kc6 41.h4 Re2 42.Rf4 Re5  1/2-1/2

[Event "Tbilisi"]
[Site "Tbilisi"]
[Date "1986.??.??"]
[Round "?"]
[White "Romanishin, Oleg M"]
[Black "Kaidanov, Grigory S"]
[Result "1/2-1/2"]
[WhiteElo "2560"]
[BlackElo "2415"]

1.Nf3 d5 2.g3 c6 3.Bg2 Bg4 4.c4 e6 5.Ne5 Bf5 6.b3 Nd7 7.Nxd7 Qxd7 8.Bb2 Nf6
9.O-O Be7 10.d3 h5 11.h4 d4 12.Nd2 e5 13.Nf3 Ng4 14.Qd2 a5 15.a3 f6 16.Qc2 g5
17.b4 Rg8 18.b5 c5 19.Bc1 gxh4 20.Nxh4 Be6 21.Qb2 f5 22.f3 Nf6 23.e3 Rxg3
24.exd4 Qxd4+ 25.Qxd4 cxd4 26.Kh2 f4 27.Re1 Nd7 28.Bxf4 Rg8 29.Bh3 Bxh4  1/2-1/2

[Event "Tbilisi"]
[Site "Tbilisi"]
[Date "1986.??.??"]
[Round "?"]
[White "Cvitan, Ognjen"]
[Black "Pekarek, Ales"]
[Result "1-0"]
[WhiteElo "2495"]
[BlackElo "2445"]

1.Nf3 d5 2.g3 Nf6 3.Bg2 e6 4.c4 Be7 5.d4 O-O 6.O-O dxc4 7.Qc2 a6 8.a4 Bd7
9.Ne5 Bc6 10.Nxc6 Nxc6 11.e3 Na5 12.Nd2 c5 13.dxc5 Rc8 14.b4 cxb3 15.Nxb3 Nd5
16.Ba3 Nxb3 17.Qxb3 Bxc5 18.Qxb7 Qd6 19.Rac1 Rc7 20.Bxc5 Rxc5 21.Rxc5 Qxc5
22.Qxa6 Rb8 23.Qd3 Nc3 24.Ra1 Qa5 25.Qc4 g6 26.h4 h5 27.Ra3 Nd1 28.Ra1 Nc3
29.Bf3 Rb2 30.Kg2 Nd5 31.Bxd5 exd5 32.Qd4 Rb4 33.Qc3 d4 34.exd4 Qd5+ 35.Qf3 Qxd4
36.Rd1 Qe4 37.Qxe4 Rxe4 38.Ra1 Re6 39.a5 Ra6 40.Kf3 Kf8 41.Ke4 Ke7 42.Kd5 Kd7
43.Ra4 Kc7 44.Rc4+ Kb7 45.Ra4  1-0

[Event "Tbilisi"]
[Site "Tbilisi"]
[Date "1986.??.??"]
[Round "?"]
[White "Cvitan, Ognjen"]
[Black "Karolyi, Tibor Jr"]
[Result "1/2-1/2"]
[WhiteElo "2495"]
[BlackElo "2410"]

1.Nf3 d5 2.g3 c5 3.Bg2 Nc6 4.O-O Nf6 5.c4 dxc4 6.Na3 Be6 7.Ng5 Bd7 8.Nxc4 b5
9.Ne3 e6 10.Nf3 Rc8 11.a4 a6 12.axb5 axb5 13.d4  1/2-1/2

[Event "Tirnavia"]
[Site "Trnava"]
[Date "1986.??.??"]
[Round "1"]
[White "Kurtenkov, Atanas"]
[Black "Lukacs, Peter"]
[Result "1/2-1/2"]
[WhiteElo "2455"]
[BlackElo "2460"]

1.Nf3 d5 2.g3 Nf6 3.Bg2 c6 4.O-O Bg4 5.b3 e6 6.Bb2 Nbd7 7.d4 Bd6 8.Nbd2 O-O
9.c4 Qe7 10.a3 e5 11.cxd5 cxd5 12.dxe5 Nxe5 13.h3 Bh5 14.Nd4 Nd3 15.Nf5 Qe6
16.Bxf6 Qxf5 17.Bh4 Qe5 18.Nf3 Bxf3 19.Bxf3 Nxf2 20.Qxd5 g5 21.Kxf2 gxh4
22.Qxe5  1/2-1/2

[Event "Tirnavia-B"]
[Site "Trnava"]
[Date "1986.??.??"]
[Round "13"]
[White "Duriga, Stefan"]
[Black "Cervenka, Imrich"]
[Result "1-0"]
[WhiteElo "2315"]
[BlackElo "2250"]

1.Nf3 d5 2.g3 Nf6 3.Bg2 c6 4.O-O Bf5 5.d3 e6 6.Nbd2 Be7 7.Qe1 h6 8.e4 Bh7
9.Qe2 O-O 10.b3 a5 11.a3 Na6 12.Bb2 Nd7 13.e5 b5 14.h4 b4 15.a4 Qb6 16.Kh1 Rae8
17.Ng1 c5 18.f4 Nab8 19.Rae1 Nc6 20.Ngf3 Nd4 21.Nxd4 cxd4 22.Nf3 Bc5 23.Qf2 Bf5
24.Nh2 h5 25.Bf3 g6 26.Bd1 Kg7 27.Nf3 Bg4 28.Kh2 Bxf3 29.Bxf3 Nb8 30.g4 hxg4
31.Bxg4 Rh8 32.Kg2 Qd8 33.Rh1 Nc6 34.Rh3 Rh6 35.Reh1 Reh8 36.Kf1 Ne7 37.Bxd4 Bxd4
38.Qxd4 Nf5 39.Bxf5 gxf5 40.h5 Qc7 41.R1h2 Kf8 42.Ke1 Rg8 43.Kd2 Rg4 44.Rf3 Ke7
45.Rf1 Rh8 46.h6 Rh7 47.c4 dxc4 48.bxc4 Rg8 49.c5 Rd8 50.Qd6+ Qxd6 51.cxd6+  1-0

[Event "Vienna op"]
[Site "Vienna"]
[Date "1986.??.??"]
[Round "?"]
[White "Borik, Otto"]
[Black "Steiner, Ulrich A"]
[Result "0-1"]
[WhiteElo "2365"]
[BlackElo "2285"]

1.Nf3 d5 2.g3 Bg4 3.Bg2 Nd7 4.O-O Ngf6 5.c4 c6 6.cxd5 cxd5 7.Nc3 e6 8.Qb3 Qb6
9.Qxb6 Nxb6 10.Nb5 Kd8 11.d3 a6 12.Nc3 Bc5 13.e4 dxe4 14.dxe4 Ke7 15.Ne5 Nbd7
16.Nxg4 Nxg4 17.h3 Nge5 18.Kh2 h5 19.Na4 Bd4 20.Bg5+ f6 21.Rad1 Bxf2 22.Bxf6+ gxf6
23.Rxf2 b5 24.Nc3 Rac8 25.Bf1 h4 26.g4 Nc5 27.a3 Rhd8 28.Rxd8 Rxd8 29.Kg1 Rd4
30.Re2 b4 31.axb4 Rxb4 32.Rc2 Kd6 33.Rd2+ Kc6 34.Rd8 Rxb2 35.Bg2 Rc2 36.Nd1 Kc7
37.Ne3  0-1

[Event "Wuppertal"]
[Site "Wuppertal"]
[Date "1986.??.??"]
[Round "?"]
[White "Gutman, Lev"]
[Black "Westerinen, Heikki MJ"]
[Result "1-0"]
[WhiteElo "2460"]
[BlackElo "2410"]

1.Nf3 d5 2.g3 c6 3.Bg2 Nf6 4.O-O Bf5 5.d3 e6 6.Nbd2 Be7 7.Qe1 h6 8.e4 dxe4
9.dxe4 Bh7 10.Ne5 Nbd7 11.Nxd7 Qxd7 12.Nc4 O-O 13.Qe2 Rad8 14.a4 Qc8 15.a5 Ne8
16.Be3 Qa8 17.Rfd1 Nd6 18.Bc5 Nc8 19.Bd4 f6 20.Qe3 e5 21.Bc5 Bxc5 22.Qxc5 Bg6
23.f3 Bf7 24.Bh3 Bxc4 25.Qxc4+ Kh8 26.Qc5 Qb8 27.Bxc8 Rxd1+ 28.Rxd1 Rxc8
29.Qd6 Qxd6 30.Rxd6 Rc7 31.Rd8+ Kh7 32.Kf2 Kg6 33.Ke3 Kf7 34.Kd3 Ke7 35.Ra8 a6
36.Kc4 Kd6 37.Rd8+ Rd7 38.Rxd7+ Kxd7 39.Kc5 Kc7 40.h4 h5 41.f4 exf4 42.gxf4 Kd7
43.f5 Kc7 44.Kd4 Kd6 45.e5+ fxe5+ 46.Ke4 Kd7 47.Kxe5 Ke7 48.Kf4 Kd6 49.c4 Kc5
50.Kg5 Kxc4 51.Kg6 Kb3 52.Kxg7 Kxb2 53.f6 c5 54.f7 c4 55.f8=Q c3 56.Qb4+  1-0

[Event "Zenica"]
[Site "Zenica"]
[Date "1986.??.??"]
[Round "1"]
[White "Jansa, Vlastimil"]
[Black "Mokry, Karel"]
[Result "1/2-1/2"]
[WhiteElo "2475"]
[BlackElo "2520"]

1.Nf3 d5 2.g3 Nf6 3.Bg2 c6 4.O-O Bf5 5.d3 h6 6.c4 dxc4 7.dxc4 Qxd1 8.Rxd1 Nbd7
9.Nc3 e5 10.b3 Bb4 11.Bb2 O-O-O 12.Rac1 Rhe8 13.a3 Bf8 14.b4 Nb6 15.Rxd8+ Kxd8  1/2-1/2

[Event "Aarhus-B"]
[Site "Aarhus"]
[Date "1987.??.??"]
[Round "3"]
[White "Jacobsen, Bo"]
[Black "Jensen, Vagn"]
[Result "1/2-1/2"]
[WhiteElo "2285"]
[BlackElo "2230"]

1.Nf3 d5 2.g3 c6 3.Bg2 Nf6 4.c4 e6 5.b3 Bd6 6.d4 Nbd7 7.O-O O-O 8.Ba3 Bxa3
9.Nxa3 b6 10.Rc1 Bb7 11.Rc2 Qe7 12.Qc1 Rfc8 13.Qb2 dxc4 14.Nxc4 c5 15.Rd1 Be4
16.Rcc1 b5 17.Nce5 cxd4 18.Nxd7 Qxd7 19.Qxd4 Qb7 20.Ne1 Bxg2 21.Nxg2 Rxc1
22.Rxc1 Rc8  1/2-1/2

[Event "Aarhus-B"]
[Site "Aarhus"]
[Date "1987.??.??"]
[Round "7"]
[White "Knudsen, Per"]
[Black "Jensen, Vagn"]
[Result "1-0"]
[WhiteElo "2320"]
[BlackElo "2230"]

1.Nf3 d5 2.g3 c5 3.c4 e6 4.Bg2 Nc6 5.O-O Nf6 6.b3 Be7 7.Bb2 d4 8.e3 e5 9.a3 O-O
10.exd4 exd4 11.d3 Bf5 12.Re1 Qd7 13.b4 cxb4 14.Ne5 Nxe5 15.Rxe5 Bg4 16.Qb3 a5
17.axb4 Bxb4 18.Na3 Rfe8 19.Rb5 Be1 20.Nc2 Bxf2+ 21.Kxf2 Re2+ 22.Kg1 Rae8
23.Nxd4 Re1+ 24.Bf1 Bh3 25.Qc2 Rxf1+ 26.Rxf1 Bxf1 27.Qd1 Bh3 28.Rxa5 Qe7
29.Qd2 Ng4 30.Nf3 h6 31.Ne5 b6 32.Rd5 Qf6 33.Qf4 Rxe5 34.Bxe5 Nxe5 35.Rxe5 Qc6
36.Qe4 Qc5+ 37.Rxc5  1-0

[Event "EU-ch U18"]
[Site "Arnhem"]
[Date "1987.??.??"]
[Round "5"]
[White "Norwood, David"]
[Black "Lev, Ronen"]
[Result "1-0"]
[WhiteElo "2405"]
[BlackElo "2400"]

1.Nf3 d5 2.g3 Nf6 3.Bg2 c6 4.O-O Bf5 5.d3 e6 6.Nbd2 h6 7.Qe1 Be7 8.e4 Bh7
9.Qe2 O-O 10.b3 a5 11.a4 Na6 12.Bb2 Nb4 13.Ne1 Re8 14.Kh1 b5 15.f4 bxa4 16.Rxa4 Nd7
17.c3 Na6 18.d4 Nc7 19.c4 c5 20.Nef3 Nb6 21.Raa1 a4 22.Ne5 axb3 23.Nxb3 Na4
24.Nc6 Qd7 25.Nxe7+ Qxe7 26.Nxc5 Nxc5 27.dxc5 dxe4 28.c6 Qb4 29.Be5 Na6 30.Rfb1 Qc5
31.Bxe4 Nb4 32.Rxa8 Rxa8 33.c7 Ra2 34.Rxb4  1-0

[Event "AUT-ch"]
[Site "Austria"]
[Date "1987.??.??"]
[Round "15"]
[White "Baumgartner, Heinz"]
[Black "Petschar, Kurt"]
[Result "1/2-1/2"]
[WhiteElo "2335"]
[BlackElo "2285"]

1.Nf3 d5 2.g3 Nc6 3.d4 Bf5 4.Bg2 e6 5.O-O Nf6 6.c4 Be7 7.Nc3 O-O 8.Ne5 dxc4
9.e4 Bg6 10.Nxg6 hxg6 11.Be3 a6 12.d5 exd5 13.exd5 Ne5 14.Bd4 Nfd7 15.a4 Nd3
16.Ne4 N7c5 17.Qc2 Nxe4 18.Bxe4 Nc5 19.Bxc5 Bxc5 20.Qxc4 Bd6 21.Kg2 Re8 22.h4 Qf6
23.Qc2 a5 24.Bf3 Re7 25.Rae1 Rae8 26.Rxe7 Rxe7 27.Qc3 Qxc3  1/2-1/2

[Event "Wch U20"]
[Site "Baguio"]
[Date "1987.??.??"]
[Round "?"]
[White "Ninov, Kiril"]
[Black "Rechlis, Gad"]
[Result "1/2-1/2"]
[WhiteElo "2425"]
[BlackElo "2450"]

1.Nf3 d5 2.g3 g6 3.Bg2 Bg7 4.d4 Nf6 5.O-O O-O 6.c4 dxc4 7.Na3 c3 8.bxc3 c5
9.Qb3 Nc6 10.Rd1 Na5 11.Qb2 Be6 12.Ne5 Rc8 13.Bf4 Nd5 14.Rac1 cxd4 15.cxd4 Nxf4
16.gxf4 Qd6 17.e3 h6 18.Nb1 b5 19.Nd2 Bf5  1/2-1/2

[Event "Balatonfured zt (Women)"]
[Site "Balatonfured"]
[Date "1987.??.??"]
[Round "?"]
[White "Voiska, Margarita"]
[Black "Stanciu, Gabriela"]
[Result "1/2-1/2"]
[WhiteElo "2305"]
[BlackElo "2245"]

1.Nf3 d5 2.g3 Nf6 3.Bg2 Bf5 4.O-O e6 5.d3 Be7 6.Nbd2 h6 7.Qe1 O-O 8.e4 Bh7
9.Qe2 c5 10.Ne5 Nbd7 11.Nxd7 Qxd7 12.e5 Ne8 13.Re1 Nc7 14.Nf3 Rab8 15.h4 b5
16.Bf4 d4 17.Nh2 Nd5 18.Bd2 Rfc8 19.Ng4 c4 20.Be4 Bxe4 21.Qxe4 c3 22.bxc3 Nxc3
23.Qf3 Qd5 24.Qf4 Qd8 25.Bxc3 Rxc3 26.Re4 Qf8 27.Rxd4 Rxc2 28.Qf3 Qc8 29.Rf4 Rc1+
30.Rxc1 Qxc1+ 31.Kh2 Rf8 32.Nf6+ Bxf6 33.exf6 g6 34.Qb7 Qc5 35.d4  1/2-1/2

[Event "Bath zt"]
[Site "Bath"]
[Date "1987.??.??"]
[Round "?"]
[White "Hodgson, Julian M"]
[Black "Condie, Mark L"]
[Result "1/2-1/2"]
[WhiteElo "2520"]
[BlackElo "2415"]

1.Nf3 d5 2.g3 Nf6 3.Bg2 c6 4.d3 Bg4 5.h3 Bxf3 6.Bxf3 e5 7.Nc3 Bc5 8.O-O O-O
9.Bg5 Nbd7 10.e4 h6 11.Bd2 dxe4 12.dxe4 Re8 13.Bg2 b5 14.Qe2 Nf8 15.a4 a6
16.Nd1 Ne6 17.c3 Qd7 18.b4 Rad8 19.Bxh6 gxh6 20.bxc5 Qd3 21.Qxd3 Rxd3 22.axb5 axb5
23.Ra6 Rc8 24.Ne3 Nxc5 25.Ra7 Rcd8 26.Nf5 Kf8 27.Rc7 Ncxe4 28.Rxc6 Rxc3 29.Rb6 Rcd3
30.Rxb5 Nd6 31.Rxe5 Nxf5 32.Rxf5 Kg7 33.Bf3 Kg6 34.g4 h5 35.Ra1 hxg4 36.hxg4 R3d4
37.Raa5 Nh7 38.Rae5 f6 39.Ra5 Ng5 40.Be2 Re4 41.Kf1 Rd2 42.Bf3  1/2-1/2

[Event "Bayern-ch"]
[Site "Bayern"]
[Date "1987.??.??"]
[Round "?"]
[White "Wachinger, Guenther"]
[Black "Niedermayr, Horst"]
[Result "1/2-1/2"]
[WhiteElo "2285"]
[BlackElo "2320"]

1.Nf3 d5 2.g3 Nf6 3.Bg2 c5 4.c4 e6 5.O-O Nc6 6.d4 Be7 7.cxd5 exd5 8.Nc3 O-O
9.Bg5 h6 10.Bxf6 Bxf6 11.dxc5 Bxc3 12.bxc3 Qe7 13.Qxd5 Be6 14.Qd6 Qf6 15.Qd2 Rad8
16.Qb2 Rd7 17.Nd4 Bc4 18.Nxc6 bxc6 19.Rfd1 Rfd8 20.Rxd7 Rxd7 21.Bf3 g6 22.a4 Kg7
23.Qc1 Bd5 24.Bxd5 Rxd5 25.Qe3 Re5  1/2-1/2

[Event "Berlin op"]
[Site "Berlin-West"]
[Date "1987.??.??"]
[Round "?"]
[White "Marosi, Gyorgy"]
[Black "Maksimovic, Branimir"]
[Result "0-1"]
[WhiteElo "2330"]
[BlackElo "2425"]

1.Nf3 d5 2.g3 Bg4 3.Bg2 Nd7 4.c4 e6 5.cxd5 exd5 6.Qa4 Nf6 7.Ne5 b5 8.Qxb5 Rb8
9.Qc6 Rb6 10.Qa4 Rb4 11.Qc6 Bd6 12.Nxd7 Bxd7 13.Qc2 h5 14.b3 Ng4 15.Bb2 d4
16.Bc6 Qf6 17.Bxd7+ Kxd7 18.f3 Nxh2 19.Qd3 Bxg3+ 20.Kd1 Qg6 21.Qxg6 fxg6
22.Na3 d3 23.exd3 Nxf3 24.Nc4 Rb5 25.Bxg7 Re8 26.Kc2 Re7 27.Bc3 Ne1+ 28.Kb2 Nxd3+
29.Kc2 Ne1+ 30.Kb2 h4 31.Bf6 Nd3+ 32.Kc2 Nb4+ 33.Kb2 Rh7 34.Rag1 Nd3+ 35.Kc2 Nf2
36.Rxg3 Nxh1 37.Rxg6 h3 38.Ne5+ Ke6 39.Bg7+ Kf5 40.d4 Rxe5 41.Rf6+ Kg5 42.dxe5 Rxg7
43.Rf1 Ng3  0-1

[Event "Biel"]
[Site "Biel"]
[Date "1987.??.??"]
[Round "?"]
[White "Lobron, Eric"]
[Black "Campora, Daniel H"]
[Result "1-0"]
[WhiteElo "2530"]
[BlackElo "2545"]

1.Nf3 d5 2.g3 Bg4 3.Bg2 Nd7 4.d3 c6 5.h3 Bh5 6.Nc3 e5 7.O-O f6 8.e4 d4 9.Ne2 Ne7
10.c3 c5 11.a3 Nc6 12.cxd4 cxd4 13.b4 a5 14.b5 Na7 15.Rb1 Nc8 16.Nh4 a4 17.f4 Bf7
18.fxe5 fxe5 19.Kh2 Nd6 20.Ng1 g6 21.Ngf3 h6 22.Bd2 Bg7 23.Bb4 Qb6 24.Nd2 Bf6
25.Nxg6 Bxg6 26.Qg4 Bf7 27.Rxf6 Nxf6 28.Qg7 O-O-O 29.Qxf6 Rhf8 30.Rc1+ Kd7
31.Nf3  1-0

[Event "Biel schev"]
[Site "Biel"]
[Date "1987.??.??"]
[Round "?"]
[White "Landenbergue, Claude"]
[Black "Hund, Barbara"]
[Result "1/2-1/2"]
[WhiteElo "2300"]
[BlackElo "2370"]

1.Nf3 d5 2.g3 Nf6 3.Bg2 Bf5 4.O-O e6 5.d3 h6 6.Nbd2 Be7 7.e3 O-O 8.Qe2 Bh7
9.e4 c5 10.b3 a5 11.a4 Nc6 12.Bb2 Rc8 13.Ne5 Nd4 14.Bxd4 cxd4 15.exd5 exd5
16.Ra2 Bd6 17.Ng4 Re8 18.Qf3 Nxg4 19.Qxg4 Bc5 20.Qh5 Bg6 21.Qxd5 Qxd5 22.Bxd5 Re2
23.Rd1 b6 24.Kf1 Re5 25.Bf3 Bf5 26.Nc4 Re7 27.Raa1 Bh3+ 28.Bg2 Be6 29.Re1 Rce8
30.Re4 Bxc4 31.bxc4 Bb4 32.f4 f5 33.Rxe7  1/2-1/2

[Event "Biel"]
[Site "Biel"]
[Date "1987.??.??"]
[Round "?"]
[White "Romanishin, Oleg M"]
[Black "Chandler, Murray G"]
[Result "1/2-1/2"]
[WhiteElo "2555"]
[BlackElo "2575"]

1.Nf3 d5 2.g3 Nf6 3.Bg2 Bf5 4.c4 e6 5.O-O c6 6.d3 Be7 7.Be3 Nbd7 8.Qb3 Qc7
9.cxd5 exd5 10.Nc3 Nc5 11.Bxc5 Bxc5 12.e4 dxe4 13.Nxe4 Bxe4 14.dxe4 O-O 15.e5 Nd5
16.Rac1 Bb6 17.Rc4 Rae8 18.Re1 f6 19.e6 Qd6 20.Rce4 Re7 21.Nd2 Ne3 22.R4xe3 Qxd2
23.R3e2 Qd6 24.Rd1 Bd4 25.Rdd2 f5 26.Qc4 Rd8 27.b4 b5 28.Qxc6 Qxb4 29.Bf3 g6
30.Kg2 Kg7 31.Rd3 Qc4 32.Rd1 Kf6 33.Qxc4 bxc4 34.Red2 Ke5 35.Re2+ Kf6 36.Red2 Ke5
37.Re2+  1/2-1/2

[Event "Brussels mix"]
[Site "Brussels"]
[Date "1987.??.??"]
[Round "5"]
[White "Lobron, Eric"]
[Black "Gaprindashvili, Nona"]
[Result "1/2-1/2"]
[WhiteElo "2530"]
[BlackElo "2495"]

1.Nf3 d5 2.g3 Nf6 3.Bg2 e6 4.O-O Be7 5.d3 O-O 6.Nbd2 b6 7.e4 dxe4 8.dxe4 Bb7
9.Qe2 Ba6 10.c4 Nc6 11.e5 Nd7 12.Nb3 Nc5 13.Rd1 Qe8 14.Nxc5 bxc5 15.Qe4 h6
16.Be3 Bb7 17.Qc2 Rd8 18.Qa4 Rxd1+ 19.Rxd1 Qa8 20.Bf1 Rd8 21.Be2 a6 22.a3 Bf8
23.Rxd8 Qxd8 24.Qd1 Qxd1+ 25.Bxd1 g5 26.h3 Bg7 27.Bxc5 Nxe5 28.Nxe5 Bxe5
29.b4 f5 30.Be2 Kf7 31.Bh5+ Kf6 32.Kf1 Bc6 33.Bd1 Bb2 34.a4 e5 35.b5 Bb7
36.Bf8 Kg6 37.g4 fxg4 38.hxg4 e4 39.Bc5 Bc3 40.Ba7 c6 41.bxa6 Bxa6 42.Be2 Bb4
43.Bb6 c5 44.Bc7 Kf7 45.Bd6 Ke6 46.Bf8 Kf7 47.Bxh6 Bd2 48.Kg2 Bf4 49.f3 e3
50.Bd3 Kg8 51.Kf1 Kf7 52.Ke2 Kg8 53.Ke1 Kf7 54.Kd1 Kg8 55.Ke1 Kf7 56.Kd1 Kg8
57.Kc2 Kf7 58.Be2 Kg8 59.Kd3 Kf7 60.a5 Bb7 61.Bd1 Kg8 62.Be2 Kf7 63.Kc2 Ba6
64.Kc3 Kg8 65.Kd3 Kf7 66.Bd1 Kg8 67.Kc3 Kf7 68.Kb3 Kg8 69.Be2 Kf7 70.Kb2 Kg8
71.Kc2 Kf7 72.Kd3 Bb7 73.a6 Bxa6 74.Kc2 Bb7 75.Kb3 Bc6 76.Bd1 Kg8  1/2-1/2

[Event "OHRA op"]
[Site "Brussels"]
[Date "1987.??.??"]
[Round "7"]
[White "Pergericht, Daniel"]
[Black "Flear, Christine"]
[Result "1-0"]
[WhiteElo "2260"]
[BlackElo "2220"]

1.Nf3 d5 2.g3 Nf6 3.Bg2 Bg4 4.O-O Nbd7 5.c4 c6 6.b3 e5 7.cxd5 Nxd5 8.Bb2 Bd6
9.Na3 N5b6 10.d4 Bxf3 11.Bxf3 Qe7 12.Nc2 e4 13.Bg2 Nd5 14.Qd2 f5 15.Ne3 Nxe3
16.fxe3 Qg5 17.Rf2 Nb6 18.Raf1 Nd5 19.Rxf5 Qxe3+ 20.Qxe3 Nxe3 21.Bxe4 Nxf5
22.Rxf5 g6 23.Rf6 Be7 24.Re6 Kd7 25.d5 Bc5+ 26.Kg2 Rhf8 27.Bf3 a5 28.Re4 Rae8
29.dxc6+ bxc6 30.Rc4 Kd6 31.Bc1 Rxe2+ 32.Bxe2 Rf2+ 33.Kh1 Rxe2 34.Bh6 Rxa2
35.Bf8+ Kd7 36.Bxc5 Rb2 37.Rc3 Ke6 38.Rd3 Rc2 39.Bb6 Ra2 40.Bc7 Ra3 41.Rd6+ Kf5
42.Rxc6 Rxb3 43.Rc5+ Kf6  1-0

[Event "OHRA op"]
[Site "Brussels"]
[Date "1987.??.??"]
[Round "8"]
[White "Scholz, Guillermo"]
[Black "Pergericht, Daniel"]
[Result "0-1"]
[WhiteElo "2310"]
[BlackElo "2260"]

1.Nf3 d5 2.g3 Nf6 3.Bg2 Bf5 4.d3 e6 5.O-O c6 6.Nbd2 h6 7.b3 Be7 8.Bb2 O-O
9.c4 a5 10.a3 Bh7 11.Rc1 Nbd7 12.Qc2 Bd6 13.Ra1 Qe7 14.Rfe1 Rfc8 15.Qb1 b5
16.cxb5 cxb5 17.Nd4 Rab8 18.Rc1 Bc5 19.N2f3 e5 20.Nc2 e4 21.dxe4 Nxe4 22.Nfd4 Bb6
23.Qa2 Nxf2 24.Kxf2 Bxc2 25.e3 Bg6 26.Rxc8+ Rxc8 27.Rc1 Nc5 28.Bf1 b4 29.axb4 axb4
30.Ba1 Ne4+  0-1

[Event "Budapest"]
[Site "Budapest"]
[Date "1987.??.??"]
[Round "6"]
[White "Marosi, Gyorgy"]
[Black "Horvath, Jozsef"]
[Result "0-1"]
[WhiteElo "2330"]
[BlackElo "2470"]

1.Nf3 d5 2.g3 Nf6 3.Bg2 Bf5 4.c4 dxc4 5.Qa4+ Nbd7 6.Qxc4 c6 7.O-O e6 8.d3 Be7
9.b3 O-O 10.Bb2 a5 11.Nbd2 Qc7 12.Rfc1 Rfe8 13.e4 Bg6 14.Nh4 e5 15.Nxg6 hxg6
16.d4 Bb4 17.Bc3 Nb6 18.Qd3 Qd6 19.Bxb4 axb4 20.Nf3 Nbd7 21.Rd1 exd4 22.Qxd4 Qe7
23.e5 Nd5 24.Re1 Nc5 25.Nd2 Ne6 26.Qg4 Ndc7 27.Nc4 Nb5 28.h4 Red8 29.h5 Rd4
30.Re4 Rxe4 31.Bxe4 Qg5 32.Bf3 Qxh5 33.Qxh5 gxh5 34.Bxh5 Ned4 35.Kg2 Nxb3
36.Rb1 Nc5 37.Rxb4 Rxa2 38.Nd6 Nxd6 39.exd6 Rd2 40.Rc4 Ne6 41.Ra4 g6 42.Bg4 Rxd6
43.f4 Kg7 44.f5 Rd4 45.Ra7 Nc5 46.Kf3 g5 47.Bh3 Kf6 48.Ra8 Rd3+ 49.Kg4 Ne4
50.Re8  0-1

[Event "Budapest"]
[Site "Budapest"]
[Date "1987.??.??"]
[Round "8"]
[White "Marosi, Gyorgy"]
[Black "Hoelzl, Franz"]
[Result "1/2-1/2"]
[WhiteElo "2330"]
[BlackElo "2390"]

1.Nf3 d5 2.g3 Nc6 3.d4 Bg4 4.Bg2 Qd7 5.h3 Bh5 6.Nbd2 O-O-O 7.c3 f6 8.b4 e5
9.b5 Nb8 10.dxe5 Qxb5 11.Nd4 Qa6 12.exf6 Nxf6 13.g4 Bg6 14.Qb3 c5 15.Nb5 Qb6
16.c4 a6 17.Nc3 Qxb3 18.axb3 d4 19.Nd5 Re8 20.Nb6+ Kd8 21.Bf3 h5 22.g5 Ne4
23.Nxe4 Bxe4 24.Bxe4 Rxe4 25.f3 Re6 26.Nd5 Bd6 27.e4 dxe3 28.Bxe3 Bf4 29.O-O-O Bxe3+
30.Nxe3+ Kc8 31.Nf5 Rf8 32.Nxg7 Rg6 33.Nxh5 Rxg5 34.Rd5 Rxd5 35.cxd5 Rxf3
36.Kc2 Rf5 37.Ng7 Rg5 38.Ne8 Rxd5 39.h4 Rh5 40.Nf6 Rh6 41.Ng4 Rg6 42.Ne3 Re6  1/2-1/2

[Event "Budapest"]
[Site "Budapest"]
[Date "1987.??.??"]
[Round "12"]
[White "Marosi, Gyorgy"]
[Black "Lukacs, Peter"]
[Result "1/2-1/2"]
[WhiteElo "2330"]
[BlackElo "2500"]

1.Nf3 d5 2.g3 Nf6 3.Bg2 c6 4.c4 dxc4 5.Na3 b5 6.Ne5 a6 7.d3 cxd3 8.Nxc6 Nxc6
9.Bxc6+ Bd7 10.Bxa8 Qxa8 11.f3 e5 12.Qxd3 e4 13.fxe4 Bc6 14.Rf1 Bxe4 15.Qd4 Be7
16.Qe5 Qb7 17.Bg5 O-O 18.Bxf6 Bxf6 19.Rxf6 gxf6 20.Qxf6 Bg6 21.Qf3 Qb6 22.Qf2 Qa5+
23.Kf1 Rc8 24.Qd4 Rd8 25.Qf4 Rd5 26.e4 Rd2 27.Qb8+ Rd8 28.b4 Rxb8 29.bxa5 Rc8
30.Re1 b4 31.Nb1 Rc5 32.Re2 Rxa5 33.Rb2 Rb5 34.Nd2 a5 35.a3 f5 36.axb4 fxe4
37.Ke2 axb4 38.Ke3 Kf7 39.Nxe4 Ke6 40.g4 Ke5 41.Nd2 Rb8 42.h4 Bf7 43.Nf3+ Kf6
44.Nd4 b3 45.Rf2+ Kg7 46.Rb2 Bd5 47.Nf5+ Kf6 48.Kd4 Be6 49.Ne3 Rb4+ 50.Kc3 Re4
51.Kd3 Rf4 52.Re2 Rf3 53.Kd4 Rh3 54.g5+ Kf7 55.Ng2 Bg4 56.Rb2 Bd1 57.Rf2+ Ke7
58.Rb2 Bh5 59.Nf4 Rxh4 60.Ke5 Bf7 61.g6 hxg6 62.Rxb3  1/2-1/2

[Event "Budel zt"]
[Site "Budel"]
[Date "1987.??.??"]
[Round "?"]
[White "Haik, Aldo"]
[Black "Kuijf, Marinus"]
[Result "1/2-1/2"]
[WhiteElo "2470"]
[BlackElo "2470"]

1.Nf3 d5 2.g3 Nf6 3.Bg2 Bf5 4.d3 e6 5.O-O Be7 6.b3 h6 7.Bb2 O-O 8.Nbd2 c5
9.Ne5 Nbd7 10.e4 Bh7 11.f4 d4 12.Nxd7 Nxd7 13.a4 e5 14.Nc4 Qc7 15.Bc1 Kh8
16.Qh5 Bg6 17.Qg4 b6 18.Bh3 Rad8 19.fxe5 Nxe5 20.Nxe5 Qxe5 21.Bf4 Qh5 22.Qxh5 Bxh5
23.Bc7 Ra8 24.Bd7 a5 25.Bb5 Bd8 26.Bd6 Rg8 27.g4 Bg6 28.e5 Ra7 29.Bc4 Bg5
30.Rf3 Rd8 31.Raf1 f6 32.Kg2 Kh7 33.exf6 Rxd6 34.f7 Bxf7 35.Rxf7 Rxf7 36.Rxf7 Kg6
37.Rb7 Bf6 38.Rb8  1/2-1/2

[Event "Budel zt"]
[Site "Budel"]
[Date "1987.??.??"]
[Round "?"]
[White "Todorcevic, Miodrag"]
[Black "Kuijf, Marinus"]
[Result "1-0"]
[WhiteElo "2440"]
[BlackElo "2470"]

1.Nf3 d5 2.g3 Nf6 3.Bg2 Bf5 4.c4 e6 5.O-O Be7 6.Qb3 Na6 7.d4 O-O 8.a3 Qc8
9.Nc3 dxc4 10.Qxc4 c5 11.Bg5 h6 12.Bf4 Rd8 13.Rfd1 Nd5 14.Rac1 Nxc3 15.Qxc3 cxd4
16.Qe1 Qd7 17.Nxd4 Qa4 18.Bxb7 Bh3 19.Bc6 Qa5 20.Qxa5  1-0